00518nam a2200181Ia 4500003000400000005001700004008004100021040001600062082001500078100002500093245006800118260004200186650002000228650002400248650002600272650002100298650001700319GCL20240530100206.0140319s9999 xx 000 0 eng d aGCL / cGCL04a745.6bC A1 aCASTERA, JEAN - MARC10aARABESQUES : DECORATIVE ART IN MOROCCO / cCASTERA, JEAN - MARC a[S.N] : bA C R EDITION POCHE CORILOA04aDECORATIVE ARTS04aCASTER, JEAN - MARC04aARABESQUES DECORATION04aISLAMIC ORNAMENT04aISLAM - ARTS